Pasos de la Semana Santa de Sevilla - Estadísticas

Estadísticas generales
  • Esta prueba ha sido intentada 397 veces
  • La puntuación promedio es 58 de 142
Estadísticas de respuestas
Cofradía Paso % Correcto
Esperanza de Triana | La Trinidad Nuestra Señora de la Esperanza
66%
Dolores de Torreblanca | Las Penas María Santísima de los Dolores
64%
La Estrella | Las Penas | San Roque Nuestro Padre Jesús de las Penas
64%
El Cerro | Los Servitas | San José Obrero | Santa Cruz Nuestra Señora de los Dolores
63%
La Candelaria | Los Gitanos Nuestro Padre Jesús de la Salud
63%
San Esteban Nuestro Padre Jesús de la Salud y Buen Viaje
63%
Padre Pío Nuestro Padre Jesús de la Salud y Clemencia
63%
El Dulce Nombre de Bellavista Nuestro Padre Jesús de la Salud y Remedios
63%
La Estrella María Santísima de la Estrella
62%
La Paz María Santísima de la Paz
60%
Jesús Despojado María Santísima de los Dolores y Misericordia
60%
El Cachorro | El Museo Santísimo Cristo de la Expiración
60%
El Museo María Santísima de las Aguas
58%
El Amor Santísimo Cristo del Amor
58%
La Amargura María Santísima de la Amargura
56%
El Gran Poder Nuestro Padre Jesús del Gran Poder
56%
Bendición y Esperanza Virgen de la Esperanza
56%
La Redención María Santísima del Rocío
55%
San Gonzalo Nuestra Señora de la Salud
55%
La Hiniesta | Los Estudiantes Santísimo Cristo de la Buena Muerte
55%
La Hiniesta María Santísima de la Hiniesta Dolorosa
54%
El Dulce Nombre María Santísima del Dulce Nombre
54%
La Milagrosa | Monte-Sion María Santísima del Rosario
54%
San Isidoro Nuestro Padre Jesús de las Tres Caídas
54%
Esperanza de Triana Santísimo Cristo de las Tres Caídas
54%
La Candelaria María Santísima de la Candelaria
53%
La Macarena María Santísima de la Esperanza Macarena
53%
Pino Montano María Santísima del Amor
53%
La Cena Nuestra Señora del Subterráneo
53%
Santa Genoveva Nuestro Padre Jesús Cautivo
53%
El Polígono de San Pablo Nuestro Padre Jesús Cautivo y Rescatado
53%
El Dulce Nombre de Bellavista María Santísima del Dulce Nombre en sus Dolores y Compasión
51%
La Paz Nuestro Padre Jesús de la Victoria
51%
Las Aguas María Santísima de Guadalupe
49%
El Polígono de San Pablo Nuestra Señora del Rosario Doloroso
49%
El Cerro Padre Jesús de la Humildad
49%
San Benito Santísimo Cristo de la Sangre
49%
La O María Santísima de la O
48%
Dolores de Torreblanca Nuestro Padre Jesús Cautivo ante Pilato
48%
El Silencio | La O Nuestro Padre Jesús Nazareno
48%
Los Gitanos María Santísima de las Angustias
47%
San Benito Nuestra Señora de la Encarnación
47%
Santa Genoveva Nuestra Señora de las Mercedes
47%
El Carmen Nuestra Señora del Carmen Doloroso
47%
El Valle Nuestra Señora del Valle
47%
La Macarena Nuestro Padre Jesús de la Sentencia
47%
La Sed Santísimo Cristo de la Sed
47%
La Carretería | San Bernardo Santísimo Cristo de la Salud
46%
La Amargura Nuestro Padre Jesús del Silencio
45%
La Redención Nuestro Padre Jesús de la Redención
44%
Cristo de Burgos Santísimo Cristo de Burgos
44%
El Amor Nuestra Señora del Socorro
43%
Cristo de la Corona Santísimo Cristo de la Corona
43%
Las Aguas Santísimo Cristo de las Aguas
43%
El Gran Poder María Santísima del Mayor Dolor y Traspaso
42%
Soledad de San Buenaventura | Soledad de San Lorenzo Nuestra Señora de la Soledad
42%
Pino Montano Nuestro Padre Jesús de Nazaret
42%
Los Javieres María Santísima de Gracia y Amparo
41%
Los Servitas María Santísima de la Soledad
41%
San Roque Nuestra Señora de Gracia y Esperanza
41%
Los Negritos Nuestra Señora de los Ángeles
40%
Los Panaderos Nuestro Padre Jesús del Soberano Poder en su Prendimiento
40%
El Baratillo María Santísima de la Caridad en su Soledad
39%
Los Panaderos María Santísima de Regla
39%
Jesús Despojado Nuestro Padre Jesús Despojado de sus Vestiduras
39%
Pasión y Muerte Cristo de Pasión y Muerte
38%
Los Estudiantes María Santísima de la Angustia
38%
La Carretería Nuestra Señora del Mayor Dolor en su Soledad
38%
El Sol Nuestra Señora del Sol
38%
La Vera Cruz Santísimo Cristo de la Vera Cruz
38%
El Cachorro Nuestra Madre y Señora del Patrocinio
37%
El Buen Fin Santísimo Cristo del Buen Fin
37%
Cristo de Burgos Madre de Dios de la Palma
36%
La Lanzada María Santísima del Buen Fin
36%
San Esteban María Santísima Madre de los Desamparados
36%
Montserrat Nuestra Señora de Montserrat
36%
El Calvario Santísimo Cristo del Calvario
36%
El Cerro Santísimo Cristo del Desamparo y Abandono
36%
Las Cigarreras María Santísima de la Victoria Coronada
35%
Las Siete Palabras Nuestra Señora de la Cabeza
35%
El Baratillo Nuestra Señora de la Piedad
35%
El Carmen Nuestro Padre Jesús de la Paz
35%
El Silencio María Santísima de la Concepción
34%
San Bernardo María Santísima del Refugio
34%
El Buen Fin Nuestra Señora de la Palma
34%
La Exaltación Nuestra Señora de las Lágrimas
34%
La Exaltación Santísimo Cristo de la Exaltación
34%
La Cena Santísimo Cristo de la Humildad y Paciencia
34%
Los Javieres Santísimo Cristo de las Almas
34%
Divino Perdón María Santísima de la Purísima Concepción
33%
La Sagrada Resurreccion Nuestra Señora de la Aurora
33%
Pasión Nuestro Padre Jesús de la Pasión
33%
La Vera Cruz María Santísima de las Tristezas
32%
Pasión Nuestra Madre y Señora de la Merced
32%
El Dulce Nombre Nuestro Padre Jesús ante Anás
32%
La Lanzada Santísimo Cristo de la Lanzada
32%
Las Siete Palabras Santísimo Cristo de las Siete Palabras
32%
La Cena Señor de la Sagrada Cena
32%
Los Negritos Santísimo Cristo de la Fundación
31%
La Sed Santa María de Consolación
30%
San José Obrero Nuestro Padre Jesús de la Caridad
28%
Las Siete Palabras Nuestro Padre Jesús de la Divina Misericordia
27%
La Milagrosa Nuestro Padre Jesús de la Esperanza en el Puente del Cedrón
27%
La Misión Santo Cristo de la Misión
27%
El Calvario Nuestra Señora de la Presentación
25%
La Sagrada Resurrección Sagrada Resurrección de Nuestro Señor Jesucristo
25%
La Trinidad Sagrado Decreto de la Santísima Trinidad
25%
La Borriquita Señor de la Sagrada Entrada en Jerusalén (La Borriquita)
25%
Santa Marta Santísimo Cristo de la Caridad en su Traslado al Sepulcro
24%
La Trinidad Santísimo Cristo de las Cinco Llagas
24%
San Isidoro Nuestra Señora de Loreto
23%
Montserrat Santísimo Cristo de la Conversión del Buen Ladrón
20%
El Sol Santísimo Cristo Varón de Dolores
20%
Santa Cruz Santísimo Cristo de las Misericordias
19%
Bendición y Esperanza Jesús de la Bendición
18%
Divino Perdón Nuestro Padre Jesús del Divino Perdón
18%
El Valle Nuestro Padre Jesús con la Cruz al Hombro
17%
San Gonzalo Nuestro Padre Jesús en su Soberano Poder ante Caifás
16%
El Santo Entierro El Duelo
15%
El Santo Entierro Santísimo Cristo Yacente
15%
El Santo Entierro Triunfo de la Santa Cruz
15%
San Benito Nuestro Padre Jesús en su Presentación al Pueblo
14%
El Valle Santísimo Cristo de la Coronación de Espinas
14%
Las Cigarreras Santísimo Cristo de la Columna
11%
Padre Pío Santísima Virgen Madre de la Divina Gracia
8%
Monte-Sion La Oración en el Huerto
5%
La Quinta Angustia Descendimiento de Cristo
1%
Sagrada Mortaja Nuestro Padre Jesús Descendido de la Cruz
1%
No se encontraron pruebas coincidentes
Distribución de puntuación
Porcentaje de gente con cada puntuación
Porcentaje por número respondido
Historial de tus puntuaciones
No has intentado esta prueba.